00457 2200169 4500001002100000008004100021035002000062245004100082100002100123260004500144300002400189020002200213084001400235082000800249650001500257990001500272INLIS000000000003314 ind  a0010-1225000135 a73 Trik Sains KerencAnna Claybourne aClaybourne, Anna aJakartabPT. Elex Media Komputindoc2023 a128 hlmc19 x 23 cm a978-623-00-4636-0 a500 ANN t a500 aIlmu Murni a19825/B/26